<?xml version="1.0" encoding="UTF-8"?>
<record
    xmlns:xsi="http://www.w3.org/2001/XMLSchema-instance"
    xsi:schemaLocation="http://www.loc.gov/MARC21/slim http://www.loc.gov/standards/marcxml/schema/MARC21slim.xsd"
    xmlns="http://www.loc.gov/MARC21/slim">

  <leader>02032cam a2200277Ii 4500</leader>
  <datafield tag="020" ind1=" " ind2=" ">
    <subfield code="a">0834804093</subfield>
  </datafield>
  <datafield tag="020" ind1=" " ind2=" ">
    <subfield code="a">9780834804098</subfield>
  </datafield>
  <datafield tag="020" ind1=" " ind2=" ">
    <subfield code="a">0834804107</subfield>
  </datafield>
  <datafield tag="020" ind1=" " ind2=" ">
    <subfield code="a">9780834804104</subfield>
  </datafield>
  <datafield tag="040" ind1=" " ind2=" ">
    <subfield code="c">DLC</subfield>
  </datafield>
  <datafield tag="082" ind1="0" ind2="0">
    <subfield code="a">745  SAN 1998 C155 Or.</subfield>
  </datafield>
  <datafield tag="100" ind1="1" ind2=" ">
    <subfield code="a">Kuo, Susanna</subfield>
  </datafield>
  <datafield tag="245" ind1="1" ind2="0">
    <subfield code="a">Carved paper :</subfield>
    <subfield code="b">the art of the Japanese stencil /</subfield>
  </datafield>
  <datafield tag="246" ind1="3" ind2="0">
    <subfield code="a">Art of the Japanese stencil</subfield>
  </datafield>
  <datafield tag="300" ind1=" " ind2=" ">
    <subfield code="a">xviii, 233 pages :</subfield>
    <subfield code="b">illustrations (some color), maps ;</subfield>
    <subfield code="c">31 cm</subfield>
  </datafield>
  <datafield tag="500" ind1=" " ind2=" ">
    <subfield code="a">Catalog of an exhibition held at the Santa Barbara Museum of Art, Santa Barbara, Calif., May-Aug., 1998 and the Museum of Art, Rhode Island School of Design, Providence, R.I., Sept.-Dec., 1998</subfield>
  </datafield>
  <datafield tag="520" ind1=" " ind2=" ">
    <subfield code="a">This is the first comprehensive book in English on Japanese stencils for textile dyeing</subfield>
  </datafield>
  <datafield tag="520" ind1="1" ind2=" ">
    <subfield code="a">"This is an immensely rich and comprehensive book, the first of its kind, about Japanese paper-stencil carving (katagami) used in textile resist-dyeing processes. It's filled with extraordinary reproductions of printed textiles and of the actual stencils, which are made from mulberry paper and persimmon tannin and carved by craftspeople into intricate repeat patterns, using a variety of methods that are illustrated in this carefully researched book. Carved Paper describes the historical and societal importance of the printed textile industry, which involved an extensive distribution system throughout Japan. The textiles were very popular for uses ranging from the formal dress of Samurai to hemp and cotton work clothing. The book focuses mainly on stencils from the Santa Barbara Museum of Art collection, with pieces made from 1850 to 1930. It points to the designs' affinity with ideals of the Arts and Crafts Movement and of Art Nouveau." -- Review by Arthur Okamura for the Whole Earth Catalog, Spring 1999</subfield>
  </datafield>
  <datafield tag="650" ind1=" " ind2="0">
    <subfield code="a">Stencil work</subfield>
  </datafield>
  <datafield tag="700" ind1="1" ind2=" ">
    <subfield code="a">Wilson, Richard L.,</subfield>
  </datafield>
  <datafield tag="700" ind1="1" ind2=" ">
    <subfield code="a">Michie, Thomas S</subfield>
  </datafield>
  <datafield tag="700" ind1="1" ind2=" ">
    <subfield code="a">Tai, Susan</subfield>
  </datafield>
  <datafield tag="710" ind1="2" ind2=" ">
    <subfield code="a">Santa Barbara Museum of Art</subfield>
  </datafield>
  <datafield tag="710" ind1="2" ind2=" ">
    <subfield code="a">Rhode Island School of Design.</subfield>
  </datafield>
  <datafield tag="942" ind1=" " ind2=" ">
    <subfield code="c">AEDBB</subfield>
  </datafield>
  <datafield tag="999" ind1=" " ind2=" ">
    <subfield code="c">18801</subfield>
    <subfield code="d">18801</subfield>
  </datafield>
  <datafield tag="952" ind1=" " ind2=" ">
    <subfield code="0">0</subfield>
    <subfield code="1">0</subfield>
    <subfield code="4">0</subfield>
    <subfield code="6">745_000000000000000_SAN_1998_C155_OR</subfield>
    <subfield code="7">0</subfield>
    <subfield code="9">83341</subfield>
    <subfield code="a">LBC</subfield>
    <subfield code="b">LBC</subfield>
    <subfield code="d">2020-01-27</subfield>
    <subfield code="e">A34867</subfield>
    <subfield code="o">745  SAN 1998 C155 Or.</subfield>
    <subfield code="r">2020-01-27</subfield>
    <subfield code="y">EK</subfield>
  </datafield>
</record>
